| 000 | 00913nam a22002297a 4500 | ||
|---|---|---|---|
| 999 |
_c172185 _d172185 |
||
| 003 | dpl | ||
| 005 | 20200128161901.0 | ||
| 008 | 200128b ||||| |||| 00| 0 eng d | ||
| 010 | _aB-000061 | ||
| 020 |
_a8126001909 _c125.00 |
||
| 040 | _c0 | ||
| 050 |
_aउ _bबापिरा |
||
| 082 |
_aउ _bबापिरा |
||
| 100 | _aबापिरा,श्रडिवि | ||
| 245 |
_aनारायण राव _cश्रडिवि बापिरा _hHN |
||
| 246 | _aNarayan Rao | ||
| 260 |
_aनयी दिल्ली _bसाहित्य अकादेमी _c2000 |
||
| 270 |
_aरवीन्द्र भवन, फिरोज़शाह रोड _bनयी दिल्ली _dइंडिया _e110001 |
||
| 300 |
_a495 _c15सेमी |
||
| 700 | _aचौधरी, रमेश | ||
| 942 |
_2ddc _cHN _hउ _iबापिरा _kउ _mबापिरा |
||